AIDS /

Bewaard in:
Bibliografische gegevens
Coauteur: Ufficio federale della sanità pubblica (Berna)
Andere auteurs: Hufschmid, Peter
Formaat: Boek
Taal:Italiaans
Gepubliceerd in: Berna : Ufficio federale della sanità pubblica di Berna, c1986
Tags: Voeg label toe
Geen labels, Wees de eerste die dit record labelt!

MARC

LEADER 00000nam a22000007i 4500
001 IT\ICCU\UBO\3641698
003 ItRI
005 20260115232411.0
008 090528s1986 sz |||||| ||||| |||||c
040 |b ita  |c importazione bologna sebina 
041 7 |a ita  |2 ISO-639-2 
245 0 0 |a AIDS /  |c [progetto e ideazione di Peter Hufschmid]. 
260 |a Berna :  |b Ufficio federale della sanità pubblica di Berna,  |c c1986 
300 |a 1 v. :  |b ill. ;  |c 21 cm. 
700 1 |a Hufschmid, Peter  |0 IT\ICCU\UBOV\339722 
710 2 |a Ufficio federale della sanità pubblica (Berna)  |0 IT\ICCU\UBOV\339721 
942 |2 ddc  |c BK  |n 0 
952 |0 0  |1 0  |4 0  |6 A_616_979000000000000_HUF  |7 0  |9 25438  |a BO  |b BO  |d 2026-01-15  |i 1103  |l 0  |o A 616.979 HUF  |p BO1103  |r 2026-01-15 23:24:11  |w 2026-01-15  |x [Sebina 7] [1 v.]  |y BK  |z 1 v. 
999 |c 21597  |d 21597